[Event "ITA-ch semiblitz"]
[Site "Chianciano Terme"]
[Date "2018.04.02"]
[Round "8"]
[White "Frigieri, Fabrizio"]
[Black "Rombaldoni, Denis"]
[Result "0-1"]
[WhiteElo "2182"]
[BlackElo "2481"]
[PlyCount "104"]
[EventDate "2018.04.02"]
[EventType "swiss (rapid)"]
[EventRounds "9"]
[EventCountry "ITA"]
[SourceTitle "CBM 183 Extra"]
[Source "ChessBase"]
[SourceDate "2018.04.19"]
[SourceVersion "1"]
[SourceVersionDate "2018.04.19"]
[SourceQuality "1"]

1. e4 d6 2. d4 Nf6 3. Nc3 g6 4. Nf3 Bg7 5. Be2 0-0 6. h3 c6 7. a4 Nbd7 8. 0-0 e5 9. Re1 Re8 10. Bf1 a5 11. Bg5 exd4 12. Nxd4 Qb6 13. Nb3 Qc7 14. Qd2 Nb6 15. Bf4 Rd8 16. Red1 Ne8 17. Qe3 Be6 18. Nd4 Bc4 19. Nde2 Nd7 20. b3 Ba6 21. Rd2 Nc5 22. Rad1 Ne6 23. Bg3 Qe7 24. f3 Qf8 25. Nf4 Bh6 26. Bxa6 Rxa6 27. Kh2 N8g7 28. Nce2 Nh5 29. Rd3 Nxg3 30. Kxg3 Nxf4 31. Nxf4 Raa8 32. Qb6 Qe7 33. Ne2 Qe5+ 34. Kf2 Rd7 35. Qd4 Qe7 36. Qc4 Rad8 37. Qc3 Qg5 38. Kf1 Bg7 39. Qd2 Qe7 40. Qxa5 h5 41. Qd2 h4 42. Qf4 Kh7 43. Qd2 Bh6 44. Qc3 Bg7 45. Qd2 Bh6 46. Qc3 d5 47. exd5 cxd5 48. Re1 Qd6 49. Nd4 Qh2 50. Nb5 Bf4 51. Qf6 Qh1+ 52. Ke2 Re8+ 0-1

[Event "EU-Cup 31st"]
[Site "Skopje"]
[Date "2015.10.20"]
[Round "3.6"]
[White "Frigieri, Fabrizio"]
[Black "Dvirnyy, Danyyil"]
[Result "0-1"]
[WhiteElo "2133"]
[BlackElo "2560"]
[PlyCount "88"]
[EventDate "2015.10.18"]
[EventType "team-swiss"]
[EventRounds "7"]
[EventCountry "MKD"]
[SourceTitle "CBM 169"]
[Source "ChessBase"]
[SourceDate "2015.11.10"]
[SourceVersion "1"]
[SourceVersionDate "2015.11.10"]
[SourceQuality "1"]
[WhiteTeam "Modena"]
[BlackTeam "Padova"]
[WhiteTeamCountry "ITA"]
[BlackTeamCountry "ITA"]

1. e4 c5 2. Nf3 Nc6 3. d4 cxd4 4. Nxd4 g6 5. Nc3 Bg7 6. Be3 Nf6 7. Nxc6 bxc6 8. e5 Nd5 9. Nxd5 cxd5 10. Qxd5 Rb8 11. Bc4 0-0 12. 0-0-0 Qc7 13. Qc5 Qxe5 14. Qxe5 Bxe5 15. Bb3 Rb7 16. Rhe1 Bf6 17. Bd4 Bxd4 18. Rxd4 e6 19. Rd6 f5 20. Re5 Rc7 21. f4 Kg7 22. Kd2 Kf6 23. Re3 g5 24. fxg5+ Kxg5 25. Rg3+ Kf6 26. Rh3 Ke5 27. Rdd3 d5 28. c3 Rg7 29. g3 f4 30. Rh5+ Kd6 31. gxf4 Rxf4 32. Rg3 Rgf7 33. Rg2 e5 34. Rh6+ Be6 35. Bd1 R4f6 36. Rxf6 Rxf6 37. Ke3 Rh6 38. Rf2 Rh3+ 39. Kd2 e4 40. Rg2 Ke5 41. Rg5+ Kf4 42. Rh5 Rd3+ 43. Kc2 Rxd1 44. Rh6 Bg4 0-1

[Event "Budapest FS08 IM-B"]
[Site "Budapest"]
[Date "2011.08.14"]
[Round "9"]
[White "Frigieri, Fabrizio"]
[Black "Lengyel, Bela"]
[Result "0-1"]
[WhiteElo "2148"]
[BlackElo "2276"]
[PlyCount "174"]
[EventDate "2011.08.06"]
[EventType "tourn"]
[EventRounds "10"]
[EventCountry "HUN"]
[EventCategory "1"]
[SourceTitle "CBM 143 Extra"]
[Source "ChessBase"]
[SourceDate "2011.08.29"]
[SourceVersion "1"]
[SourceVersionDate "2011.08.29"]
[SourceQuality "1"]

1. e4 e5 2. Nf3 Nc6 3. d4 exd4 4. Nxd4 Bc5 5. Nb3 Bb6 6. Nc3 Nf6 7. Bg5 h6 8. Bh4 d6 9. Qe2 g5 10. Bg3 Qe7 11. h4 Rg8 12. 0-0-0 Be6 13. hxg5 hxg5 14. Kb1 0-0-0 15. Nd5 Bxd5 16. exd5 Qxe2 17. Bxe2 Ne7 18. Rhe1 Nexd5 19. Bf3 Nf4 20. Nd4 Rde8 21. Nf5 Rxe1 22. Rxe1 Re8 23. Rxe8+ Nxe8 24. Ne7+ Kd7 25. Nd5 c6 26. Nxf4 gxf4 27. Bg4+ Kd8 28. Bh4+ f6 29. c3 d5 30. Bh5 Ke7 31. Bg4 Nd6 32. Kc2 Bc7 33. Kd3 Nf7 34. Bc8 Nd6 35. Bg4 Nc4 36. Bc8 b6 37. Kc2 Be5 38. Bg4 Kd6 39. Be2 Na5 40. Bg4 c5 41. Be2 Nc6 42. Bb5 Ne7 43. f3 Nf5 44. Bf2 Ke6 45. Ba6 Bd6 46. b3 Ne7 47. Kd3 Be5 48. Bb5 Kd6 49. Be8 Ke6 50. Bb5 Nf5 51. Ba6 Ng7 52. Bc8+ Kd6 53. Ba6 Ne8 54. Kd2 Nc7 55. Bd3 a5 56. a4 d4 57. c4 Ke6 58. Be4 f5 59. Bb7 Bf6 60. Bc8+ Ke5 61. Kd3 Ne8 62. Bd7 Nd6 63. Be1 Bg5 64. Bf2 Kf6 65. Bc6 Kg6 66. Be1 Kf6 67. Bf2 Nf7 68. Bd5 Ne5+ 69. Kd2 Ng6 70. Kd3 Bh4 71. Bg1 Bg3 72. Bb7 Nh4 73. b4 axb4 74. Bxd4+ cxd4 75. c5 bxc5 76. a5 Ng6 77. a6 Ne5+ 78. Kc2 Nc4 79. a7 Nb6 80. a8Q Nxa8 81. Bxa8 Ke5 82. Kd3 b3 83. Bc6 c4+ 84. Kd2 Be1+ 85. Kc1 d3 86. Ba4 Kd4 87. Bd7 Bd2+ 0-1

[Event "Budapest FS08 IM-B"]
[Site "Budapest"]
[Date "2011.08.07"]
[Round "2"]
[White "Csonka, Balazs"]
[Black "Frigieri, Fabrizio"]
[Result "1-0"]
[WhiteElo "2264"]
[BlackElo "2148"]
[PlyCount "81"]
[EventDate "2011.08.06"]
[EventType "tourn"]
[EventRounds "10"]
[EventCountry "HUN"]
[EventCategory "1"]
[SourceTitle "CBM 143 Extra"]
[Source "ChessBase"]
[SourceDate "2011.08.29"]
[SourceVersion "1"]
[SourceVersionDate "2011.08.29"]
[SourceQuality "1"]

1. d4 d5 2. c4 e6 3. Nc3 c6 4. Nf3 dxc4 5. a4 Bb4 6. e3 b5 7. Bd2 a5 8. Rb1 Bd7 9. Ne5 Nf6 10. Qf3 Ra6 11. Be2 0-0 12. 0-0 Ne8 13. b3 Bxc3 14. Bxc3 b4 15. Bd2 c3 16. Bxa6 Nxa6 17. Be1 Qc7 18. Qe2 Nb8 19. f3 c5 20. Bg3 Qa7 21. dxc5 Qxc5 22. Rbd1 Nf6 23. Nxd7 Nbxd7 24. Bd6 Qb6 25. Bxf8 Kxf8 26. Kh1 Nd5 27. e4 Nf4 28. Qe1 Nc5 29. Qh4 Ncd3 30. g3 c2 31. Rd2 Ng6 32. Qg5 f6 33. Qb5 Qc7 34. Qxd3 c1Q 35. Qd8+ Qxd8 36. Rxd8+ Ke7 37. Rxc1 Kxd8 38. f4 f5 39. exf5 exf5 40. Rc5 Ne7 41. Rxa5 1-0

[Event "Budapest FS08 IM-B"]
[Site "Budapest"]
[Date "2011.08.06"]
[Round "1"]
[White "Brinck Claussen, Bjorn"]
[Black "Frigieri, Fabrizio"]
[Result "1-0"]
[WhiteElo "2276"]
[BlackElo "2148"]
[PlyCount "81"]
[EventDate "2011.08.06"]
[EventType "tourn"]
[EventRounds "10"]
[EventCountry "HUN"]
[EventCategory "1"]
[SourceTitle "CBM 143 Extra"]
[Source "ChessBase"]
[SourceDate "2011.08.29"]
[SourceVersion "1"]
[SourceVersionDate "2011.08.29"]
[SourceQuality "1"]

1. e4 c5 2. Nf3 d6 3. d4 cxd4 4. Nxd4 Nf6 5. Nc3 Nc6 6. Bg5 e6 7. Qd2 a6 8. 0-0-0 h6 9. Nxc6 bxc6 10. Bf4 d5 11. Qe3 Qa5 12. Be2 Bb4 13. Be5 Be7 14. Qg3 0-0 15. Rd4 Ra7 16. Ra4 Qb6 17. exd5 cxd5 18. Bd4 Qb7 19. Be3 Kh8 20. Bxa7 Qxa7 21. Rf1 Rd8 22. Qd3 e5 23. Nd1 Ne4 24. Rxe4 dxe4 25. Qxe4 Qc7 26. Ne3 Qa5 27. Bd3 Rxd3 28. cxd3 Be6 29. a3 Qb5 30. Rd1 Bg5 31. h4 Bf6 32. Rd2 Qb3 33. Rc2 Qa2 34. Nc4 Qa1+ 35. Kd2 Qg1 36. Kc3 g6 37. g3 Bf5 38. Qe3 e4+ 39. d4 Kg7 40. Nd6 Qg2 41. Ne8+ 1-0

[Event "Cento op 1st"]
[Site "Cento"]
[Date "2011.02.12"]
[Round "8"]
[White "Simonian, Hrair"]
[Black "Frigieri, Fabrizio"]
[Result "1-0"]
[WhiteElo "2475"]
[BlackElo "2161"]
[PlyCount "67"]
[EventDate "2011.02.05"]
[EventType "swiss"]
[EventRounds "9"]
[EventCountry "ITA"]
[SourceTitle "CBM 140 Extra"]
[Source "ChessBase"]
[SourceDate "2011.03.01"]
[SourceVersion "1"]
[SourceVersionDate "2011.03.01"]
[SourceQuality "1"]

1. e4 c5 2. Nc3 d6 3. Nge2 Nf6 4. g3 g6 5. Bg2 Bg7 6. 0-0 Nc6 7. d3 0-0 8. Bg5 Rb8 9. Qd2 b5 10. Bh6 Bd7 11. Bxg7 Kxg7 12. f4 e5 13. Nd5 Ng8 14. c3 f6 15. fxe5 fxe5 16. Rxf8 Kxf8 17. d4 c4 18. b3 Kg7 19. bxc4 bxc4 20. Rf1 Qa5 21. Ne3 exd4 22. Nxd4 Ne5 23. Nd5 Rf8 24. Rxf8 Kxf8 25. Qb2 Kg7 26. Bf1 Qc5 27. Qb7 Nf6 28. Kh1 Qa3 29. Ne6+ Kh6 30. Nxf6 Qc1 31. Ng8+ Kh5 32. Nf4+ Kg4 33. Kg2 Qd2+ 34. Be2+ 1-0

[Event "Cento op 1st"]
[Site "Cento"]
[Date "2011.02.10"]
[Round "6"]
[White "Molina, Fabrizio"]
[Black "Frigieri, Fabrizio"]
[Result "1-0"]
[WhiteElo "2236"]
[BlackElo "2161"]
[PlyCount "47"]
[EventDate "2011.02.05"]
[EventType "swiss"]
[EventRounds "9"]
[EventCountry "ITA"]
[SourceTitle "CBM 140 Extra"]
[Source "ChessBase"]
[SourceDate "2011.03.01"]
[SourceVersion "1"]
[SourceVersionDate "2011.03.01"]
[SourceQuality "1"]

1. Nf3 d5 2. c4 e6 3. g3 dxc4 4. Bg2 Nd7 5. 0-0 Ngf6 6. Qc2 Nb6 7. Rd1 Bd6 8. a4 a5 9. Na3 Bxa3 10. Rxa3 0-0 11. d3 cxd3 12. Raxd3 Nbd5 13. Rd4 Qe7 14. Ne5 c5 15. Rh4 b6 16. Nc6 Qc7 17. e4 Qxc6 18. exd5 Qe8 19. d6 Ra7 20. Bg5 h6 21. Rxh6 gxh6 22. Bxf6 Bb7 23. Bxb7 Rxb7 24. Qe4 1-0

[Event "Modena Province-ch"]
[Site "Modena"]
[Date "2009.12.12"]
[Round "3"]
[White "Balboni, Lamberto"]
[Black "Frigieri, Fabrizio"]
[Result "0-1"]
[WhiteElo "1885"]
[BlackElo "2130"]
[PlyCount "88"]
[EventDate "2009.12.11"]
[EventType "swiss"]
[EventRounds "5"]
[EventCountry "ITA"]
[SourceTitle "EXT 2012"]
[Source "ChessBase"]
[SourceDate "2011.11.24"]
[SourceVersion "1"]
[SourceVersionDate "2011.11.24"]
[SourceQuality "1"]

1. e4 c5 2. Nf3 Nc6 3. d4 cxd4 4. Nxd4 Nf6 5. Nc3 d6 6. Bc4 e6 7. Be3 a6 8. Qe2 Qc7 9. Bb3 Na5 10. 0-0-0 b5 11. f3 Nd7 12. Bxe6 fxe6 13. Nxe6 Qc4 14. Qxc4 Nxc4 15. Nc7+ Kd8 16. Nxa8 Nxe3 17. Rd3 g6 18. g3 Nc4 19. Nd5 Nde5 20. Rb3 Bb7 21. Nac7 Kd7 22. a4 Bh6+ 23. f4 Rc8 24. Kd1 Nf7 25. axb5 Rxc7 26. Nxc7 Kxc7 27. Rc3 axb5 28. b3 Bg7 29. e5 Bxh1 30. bxc4 dxe5 31. cxb5+ Kb6 32. fxe5 Bxe5 33. Rb3 Nd6 34. Ke2 Bd5 35. Re3 Nc4 36. Rb3 Be4 37. Kd1 Kc5 38. h4 h5 39. Ke1 Bf5 40. Kd1 Bg4+ 41. Ke1 Bd7 42. Ke2 Bxb5 43. Kf2 Ba4 44. Rb1 Bxc2 0-1

[Event "Modena Province-ch"]
[Site "Modena"]
[Date "2009.12.11"]
[Round "1"]
[White "Setti, Roberto"]
[Black "Frigieri, Fabrizio"]
[Result "0-1"]
[WhiteElo "1721"]
[BlackElo "2130"]
[PlyCount "120"]
[EventDate "2009.12.11"]
[EventType "swiss"]
[EventRounds "5"]
[EventCountry "ITA"]
[SourceTitle "EXT 2012"]
[Source "ChessBase"]
[SourceDate "2011.11.24"]
[SourceVersion "1"]
[SourceVersionDate "2011.11.24"]
[SourceQuality "1"]

1. c4 e6 2. Nf3 d5 3. g3 Nf6 4. Bg2 Nbd7 5. b3 Bd6 6. 0-0 0-0 7. Nc3 c6 8. d4 Qe7 9. c5 Bc7 10. b4 e5 11. e3 Re8 12. a4 a6 13. Bd2 Nf8 14. Nxe5 Bxe5 15. dxe5 Qxe5 16. a5 Bg4 17. Qc2 Qh5 18. Rfc1 Ne6 19. h4 Rad8 20. Na4 Nd7 21. Bc3 Ne5 22. Bxe5 Qxe5 23. Nb6 Qh5 24. Re1 h6 25. Qb2 Bf3 26. Rab1 Qg4 27. Bxf3 Qxf3 28. Qe2 Nd4 29. Qb2 Nf5 30. Qe2 Qe4 31. Qf1 Re6 32. Qg2 Qg4 33. Kh2 Rg6 34. Qh3 Qf3 35. Rf1 Re8 36. Rb2 Re4 37. Nc8 Rgg4 38. Qg2 Nxh4 39. Qxf3 Nxf3+ 40. Kh3 Rxb4 41. Rfb1 Rxb2 42. Rxb2 Ra4 43. Rxb7 Rxa5 44. Rb6 Rxc5 45. Rxa6 Ng5+ 46. Kg2 Kf8 47. Na7 Rc2 48. Nxc6 g6 49. Ra8+ Kg7 50. Nb4 Rd2 51. Rd8 Ne4 52. Rxd5 Rxf2+ 53. Kg1 Re2 54. Re5 Nxg3 55. Nd5 h5 56. Nf4 Ra2 57. Rg5 Ne2+ 58. Nxe2 Rxe2 59. Rg3 f5 60. Kf1 Ra2 0-1

[Event "ITA-chT2"]
[Site "Arvier"]
[Date "2008.05.03"]
[Round "3"]
[White "Corvi, Marco"]
[Black "Frigieri, Fabrizio"]
[Result "1-0"]
[WhiteElo "2347"]
[BlackElo "2082"]
[PlyCount "117"]
[EventDate "2008.05.02"]
[EventType "team"]
[EventRounds "5"]
[EventCountry "ITA"]
[SourceTitle "CBM 124 Extra"]
[Source "ChessBase"]
[SourceDate "2008.07.03"]
[SourceVersion "1"]
[SourceVersionDate "2008.07.03"]
[SourceQuality "1"]

1. c4 e6 2. Nf3 d5 3. g3 dxc4 4. Qa4+ Nd7 5. Qxc4 a6 6. Bg2 b5 7. Qc2 Bb7 8. 0-0 c5 9. b3 Ngf6 10. Bb2 Be7 11. d3 0-0 12. Nbd2 Rc8 13. Rac1 Qb6 14. Qb1 Rfd8 15. Qa1 Qa7 16. Rc2 Qa8 17. Bc3 Bf8 18. a3 Nd5 19. Be5 Re8 20. Rfc1 g6 21. e4 Bg7 22. Qa2 Ne7 23. Bc3 Bxc3 24. Rxc3 Nc6 25. Qb2 Red8 26. b4 Nde5 27. Nxe5 Nxe5 28. Bf1 c4 29. dxc4 bxc4 30. Nxc4 Rxc4 31. Bxc4 Bxe4 32. Bf1 Nf3+ 33. Rxf3 Bxf3 34. Rc7 Qd5 35. Qf6 Rf8 36. Rc3 Be4 37. Bxa6 Qd1+ 38. Bf1 Rd8 39. Rc7 Rf8 40. Qf4 Bd5 41. Rc1 Qa4 42. Qe3 Ra8 43. Rc3 h5 44. h4 Qd1 45. Qd3 Qa1 46. b5 Kh7 47. Rc7 Kg8 48. Qc3 Qb1 49. Qf6 Rf8 50. Qd4 Qb3 51. Rc3 Qb1 52. a4 Ra8 53. a5 Rb8 54. a6 Kh7 55. Rc7 Qf5 56. Qf4 Qxf4 57. gxf4 Kg7 58. a7 Ra8 59. Bg2 1-0

[Event "ITA-chT2"]
[Site "Arvier"]
[Date "2008.05.02"]
[Round "1"]
[White "Pulito, Alberto"]
[Black "Frigieri, Fabrizio"]
[Result "1/2-1/2"]
[WhiteElo "2261"]
[BlackElo "2082"]
[PlyCount "113"]
[EventDate "2008.05.02"]
[EventType "team"]
[EventRounds "5"]
[EventCountry "ITA"]
[SourceTitle "CBM 124 Extra"]
[Source "ChessBase"]
[SourceDate "2008.07.03"]
[SourceVersion "1"]
[SourceVersionDate "2008.07.03"]
[SourceQuality "1"]

1. e4 c5 2. c3 d5 3. exd5 Qxd5 4. d4 g6 5. Nf3 Bg7 6. Be3 cxd4 7. cxd4 Nf6 8. Nc3 Qa5 9. Bc4 0-0 10. 0-0 Nbd7 11. a3 Nb6 12. Ba2 Nbd5 13. Qd2 Nxc3 14. Qxc3 Qd8 15. Ne5 Nd5 16. Qb3 Be6 17. Qxb7 Rb8 18. Qxa7 Nxe3 19. fxe3 Bxa2 20. Rxa2 Bxe5 21. dxe5 Qd5 22. b3 Qxb3 23. Raf2 Rb7 24. Qc5 e6 25. Rf3 Rb5 26. Qe7 Rb7 27. Qd6 Rb6 28. Qe7 Rb7 29. Qh4 Qxa3 30. Rh3 h5 31. Qg5 Qe7 32. Rxh5 Qxg5 33. Rxg5 Kg7 34. h4 Rb4 35. g3 Ra8 36. Kg2 Ra2+ 37. Kf3 Ra3 38. Re1 Ra2 39. Rg4 Rb5 40. Rg5 Raa5 41. Kf4 Ra4+ 42. e4 Rb2 43. Re3 Rf2+ 44. Rf3 Rxf3+ 45. Kxf3 Kh6 46. Ke3 Rb4 47. Rg4 Ra4 48. Rf4 Kg7 49. Rf2 Ra1 50. Kf4 Rh1 51. Rf3 Rh2 52. Ra3 Rf2+ 53. Ke3 Rf1 54. Ke2 Rb1 55. Ke3 Rf1 56. Ra7 Kg8 57. Ra3 1/2-1/2

[Event "Correggio op 1st"]
[Site "Correggio"]
[Date "2007.12.07"]
[Round "2"]
[White "Moi, Roberto"]
[Black "Frigieri, Fabrizio"]
[Result "0-1"]
[WhiteElo "1939"]
[BlackElo "2074"]
[PlyCount "126"]
[EventDate "2007.12.07"]
[EventType "swiss"]
[EventRounds "6"]
[EventCountry "ITA"]
[SourceTitle "EXT 2010"]
[Source "ChessBase"]
[SourceDate "2010.11.25"]
[SourceVersion "1"]
[SourceVersionDate "2010.11.25"]
[SourceQuality "1"]

1. e4 c5 2. Nf3 Nc6 3. d4 cxd4 4. Nxd4 Nf6 5. Nc3 d6 6. Bg5 e6 7. Qd2 a6 8. 0-0-0 h6 9. Bf4 Bd7 10. Nb3 e5 11. Bg3 b5 12. f3 Be6 13. Qe3 Be7 14. Kb1 0-0 15. Nd5 Bxd5 16. exd5 Nb4 17. c4 bxc4 18. Bxc4 Qc8 19. Qe2 a5 20. Be1 Qf5+ 21. Bd3 Qd7 22. Bb5 Qf5+ 23. Bd3 Nxd3 24. Qxd3 Qxd3+ 25. Rxd3 a4 26. Na5 Rfc8 27. Bb4 Bf8 28. a3 Nd7 29. Nc6 Nb6 30. Rc1 f5 31. Ba5 Nd7 32. Bb4 Nf6 33. Rc4 Kf7 34. Rdc3 Nxd5 35. Nxe5+ dxe5 36. Rxc8 Nxc3+ 37. Rxc3 Bxb4 38. axb4 Rb8 39. Rc4 Ke6 40. b5 Kd5 41. Rxa4 Rxb5 42. Kc2 e4 43. fxe4+ fxe4 44. Kc3 Ke5 45. b4 Kf4 46. Kc4 Rb8 47. b5 Ke3 48. Rb4 Rc8+ 49. Kd5 Rd8+ 50. Ke5 Re8+ 51. Kd6 Kd3 52. Kd7 Rf8 53. Ke7 Rb8 54. b6 e3 55. Rb3+ Kd2 56. Kd7 e2 57. Rb2+ Ke3 58. Rb1 Kf2 59. Kc7 Rf8 60. b7 e1Q 61. Rxe1 Kxe1 62. b8Q Rxb8 63. Kxb8 Kf2 0-1

[Event "Verona op 13th"]
[Site "Verona"]
[Date "2007.01.07"]
[Round "7"]
[White "Loi, Andrea"]
[Black "Frigieri, Fabrizio"]
[Result "0-1"]
[WhiteElo "2069"]
[BlackElo "2088"]
[PlyCount "41"]
[EventDate "2007.01.03"]
[EventType "swiss"]
[EventRounds "7"]
[EventCountry "ITA"]
[SourceTitle "CBM 116 Extra"]
[Source "ChessBase"]
[SourceDate "2007.03.07"]
[SourceVersion "1"]
[SourceVersionDate "2007.03.07"]
[SourceQuality "1"]

1. d4 d5 2. c4 e6 3. Nc3 c6 4. cxd5 exd5 5. Qc2 Be7 6. Bf4 Nf6 7. e3 0-0 8. Bd3 Be6 9. Nge2 Nbd7 10. 0-0 Re8 11. Rab1 a6 12. b4 b5 13. f3 Nb6 14. Bg3 a5 15. a3 axb4 16. axb4 Qd7 17. Rfd1 g6 18. Bf2 Reb8 19. Ng3 Nc4 20. Rb3 Ne8 21. Nce2 0-1

[Event "Verona op 13th"]
[Site "Verona"]
[Date "2007.01.04"]
[Round "3"]
[White "Vezzosi, Paolo"]
[Black "Frigieri, Fabrizio"]
[Result "0-1"]
[WhiteElo "2298"]
[BlackElo "2088"]
[PlyCount "54"]
[EventDate "2007.01.03"]
[EventType "swiss"]
[EventRounds "7"]
[EventCountry "ITA"]
[SourceTitle "CBM 116 Extra"]
[Source "ChessBase"]
[SourceDate "2007.03.07"]
[SourceVersion "1"]
[SourceVersionDate "2007.03.07"]
[SourceQuality "1"]

1. d4 d5 2. Bf4 Nf6 3. e3 c6 4. Bd3 e6 5. Nd2 Bd6 6. Ngf3 Bxf4 7. exf4 0-0 8. c3 b6 9. Ne5 c5 10. Qe2 Bb7 11. 0-0 Qc8 12. Rac1 Ba6 13. c4 cxd4 14. cxd5 Bxd3 15. Qxd3 Qa6 16. dxe6 fxe6 17. Qxd4 Qxa2 18. Nec4 Qa4 19. Rfe1 Qd7 20. Qxd7 Nbxd7 21. Rxe6 Nc5 22. Rd6 Ne8 23. Rd5 Nc7 24. Rd6 Ne8 25. Rc6 Rxf4 26. Ra1 Rd8 27. Rxa7 Rxc4 0-1

[Event "Milan Crespi op 27th"]
[Site "Milan"]
[Date "2006.12.10"]
[Round "6"]
[White "Frigieri, Fabrizio"]
[Black "Stips, Felix"]
[Result "0-1"]
[WhiteElo "2088"]
[BlackElo "1944"]
[PlyCount "100"]
[EventDate "2006.12.07"]
[EventType "swiss"]
[EventRounds "6"]
[EventCountry "ITA"]
[SourceTitle "EXT 2008"]
[Source "ChessBase"]
[SourceDate "2007.11.25"]
[SourceVersion "1"]
[SourceVersionDate "2007.11.25"]
[SourceQuality "1"]

1. e4 c5 2. Nf3 d6 3. d4 cxd4 4. Nxd4 Nf6 5. Nc3 a6 6. Bg5 e6 7. f4 Nbd7 8. Qf3 h6 9. Bh4 Be7 10. Bc4 g5 11. fxg5 Ne5 12. Qe2 Nfg4 13. h3 Qb6 14. Nb3 hxg5 15. Bg3 Nxc4 16. Qxc4 Qe3+ 17. Ne2 Bd7 18. a4 b5 19. Qd4 Rh7 20. Rf1 Qxd4 21. Nbxd4 Ne3 22. Rf3 Nxg2+ 23. Kf2 Nf4 24. Bxf4 gxf4 25. axb5 e5 26. Nc6 Rxh3 27. Rxh3 Bxh3 28. Rxa6 Rxa6 29. bxa6 Bc8 30. a7 Bh4+ 31. Kf3 Bb7 32. Na5 Ba8 33. Nc3 Kd7 34. Nd5 Bd8 35. Nc4 Kc6 36. b4 f5 37. Nc3 Kd7 38. b5 fxe4+ 39. Nxe4 Bc7 40. b6 Bd8 41. c3 Ke6 42. Ncxd6 Bxb6 43. Nb5 Kd5 44. Nf6+ Kc4+ 45. Ke2 Kxb5 46. Nd7 f3+ 47. Kf1 e4 48. c4+ Ka6 49. c5 Bxa7 50. Kf2 Kb5 0-1

[Event "Milan Crespi op 27th"]
[Site "Milan"]
[Date "2006.12.09"]
[Round "4"]
[White "Frigieri, Fabrizio"]
[Black "Cardani, Roberto"]
[Result "1-0"]
[WhiteElo "2088"]
[BlackElo "1903"]
[PlyCount "47"]
[EventDate "2006.12.07"]
[EventType "swiss"]
[EventRounds "6"]
[EventCountry "ITA"]
[SourceTitle "EXT 2008"]
[Source "ChessBase"]
[SourceDate "2007.11.25"]
[SourceVersion "1"]
[SourceVersionDate "2007.11.25"]
[SourceQuality "1"]

1. e4 c5 2. Nf3 d6 3. d4 cxd4 4. Nxd4 Nf6 5. Nc3 a6 6. Bg5 e6 7. f4 Be7 8. Qf3 Qc7 9. 0-0-0 Nbd7 10. g4 b5 11. Bxf6 Nxf6 12. g5 Nd7 13. f5 Bxg5+ 14. Kb1 Ne5 15. Qh5 Qd8 16. Rg1 Bf6 17. fxe6 0-0 18. Bh3 Ng6 19. exf7+ Rxf7 20. Ne6 Qa5 21. Nd5 Be5 22. Ng5 Bxh3 23. Qxh7+ Kf8 24. Qxg6 1-0

[Event "Milan Crespi op 27th"]
[Site "Milan"]
[Date "2006.12.08"]
[Round "3"]
[White "Oteri, Aldo"]
[Black "Frigieri, Fabrizio"]
[Result "1-0"]
[WhiteElo "1954"]
[BlackElo "2088"]
[PlyCount "97"]
[EventDate "2006.12.07"]
[EventType "swiss"]
[EventRounds "6"]
[EventCountry "ITA"]
[SourceTitle "EXT 2008"]
[Source "ChessBase"]
[SourceDate "2007.11.25"]
[SourceVersion "1"]
[SourceVersionDate "2007.11.25"]
[SourceQuality "1"]

1. e4 c5 2. Nf3 Nc6 3. d4 cxd4 4. Nxd4 Nf6 5. Nc3 d6 6. Bg5 e6 7. Qd2 a6 8. 0-0-0 h6 9. Nxc6 bxc6 10. Bxf6 Qxf6 11. f4 d5 12. Be2 Bb4 13. Bf3 0-0 14. exd5 cxd5 15. Qd4 Bxc3 16. Qxc3 Qxf4+ 17. Kb1 Bd7 18. Rd4 Qf6 19. Qd2 Rab8 20. b3 Rfc8 21. Be2 Bb5 22. Rf1 Qe5 23. Bxb5 Rxb5 24. g4 Rbc5 25. Rc1 Rc3 26. h4 Qe3 27. Qxe3 Rxe3 28. c4 dxc4 29. bxc4 e5 30. Rd5 Re4 31. c5 Rc6 32. Rg1 Rb4+ 33. Ka1 f6 34. g5 hxg5 35. hxg5 Rd4 36. Rxd4 exd4 37. gxf6 Rxf6 38. Kb2 Rf3 39. c6 Rf2+ 40. Kb3 Rf3+ 41. Kc4 Rc3+ 42. Kd5 d3 43. Kd6 d2 44. c7 Rc1 45. Rd1 Rxd1 46. c8Q+ Kf7 47. Qf5+ Kg8 48. Qd5+ Kf8 49. Qf3+ 1-0

[Event "Salsomaggiore Terme op"]
[Site "Salsomaggiore Terme"]
[Date "2006.05.12"]
[Round "2"]
[White "Pedemonte, Claudio"]
[Black "Frigieri, Fabrizio"]
[Result "0-1"]
[WhiteElo "1942"]
[BlackElo "2080"]
[PlyCount "105"]
[EventDate "2006.05.12"]
[EventType "swiss"]
[EventRounds "6"]
[EventCountry "ITA"]
[SourceTitle "EXT 2007"]
[Source "ChessBase"]
[SourceDate "2006.11.23"]
[SourceVersion "1"]
[SourceVersionDate "2006.11.23"]
[SourceQuality "1"]

1. c4 c6 2. d4 d5 3. cxd5 cxd5 4. Nc3 Nf6 5. Nf3 Nc6 6. Bf4 Nh5 7. Bg3 e6 8. e3 Qb6 9. Bb5 Bd7 10. 0-0 Nxg3 11. hxg3 Bd6 12. Rb1 Rc8 13. a3 a6 14. Ba4 Qc7 15. Rc1 b5 16. Bb3 f5 17. Qe2 Qb6 18. Ng5 Qd8 19. Nh3 Na5 20. Ba2 Nc4 21. Nf4 0-0 22. Bb1 Qf6 23. Nh5 Qf7 24. Nf4 Rc7 25. Nd3 Rfc8 26. Na2 a5 27. Rc3 Qe7 28. b4 axb4 29. axb4 Ra7 30. Nc5 Rca8 31. Rfc1 Be8 32. R1c2 Na3 33. Rxa3 Rxa3 34. Nc3 Bxc5 35. bxc5 Qb7 36. g4 b4 37. Nd1 Bb5 38. Qf3 Bd3 39. c6 Qb6 40. gxf5 Bxf5 41. Qh5 g6 42. Qg5 Ra1 43. g4 Bxc2 44. Bxc2 Qxc6 45. Bxg6 Rxd1+ 46. Kg2 hxg6 47. Qxg6+ Kf8 48. Qf6+ Ke8 49. g5 Kd7 50. g6 Re8 51. g7 Qc8 52. Qf7+ Kc6 53. Qa7 0-1